FAO fisheries technical paper; N.392 Inbreeding and broad stock management

The book deals with the problem caused by unwanted imbreeding in cultured fish populations and describes management techniques that can be used to prevent or minimize inbreeding. It also describes how inbreeding can be used to improve captive populations of fish.

Sparad:
Bibliografiska uppgifter
Huvudupphovsman: Douglas Tave
Materialtyp: Bok
Språk:Undetermined
Publicerad: Rome FAO 1999
Ämnen:
Taggar: Lägg till en tagg
Inga taggar, Lägg till första taggen!
Thư viện lưu trữ: Trung tâm Học liệu Trường Đại học Cần Thơ
LEADER 00788nam a2200193Ia 4500
001 CTU_36572
008 210402s9999 xx 000 0 und d
082 |a 639 
082 |b F533/N.392 
100 |a Douglas Tave 
245 0 |a FAO fisheries technical paper; N.392 
245 0 |b Inbreeding and broad stock management 
245 0 |c Douglas Tave, FAO 
260 |a Rome 
260 |b FAO 
260 |c 1999 
520 |a The book deals with the problem caused by unwanted imbreeding in cultured fish populations and describes management techniques that can be used to prevent or minimize inbreeding. It also describes how inbreeding can be used to improve captive populations of fish. 
650 |a fisheries - economic aspects 
980 |a Trung tâm Học liệu Trường Đại học Cần Thơ